000 00578cam a22001577a 4500
008 180718b1967 xxu||||| |||| 00| 0 eng d
082 _aJ7x42 Un3
245 _aSettlement in the countryside: a planning method
_cby Ministry Of Housing And Local Government, U.K.
260 _aLondon
_bHer Majesty's stationery Office
_c1967
300 _a12p
500 _aPlannning Bulletin 8
650 _aGreat Britain --Rural conditions.
650 _aCity planning --Great Britain
650 _aRegional planning --Great Britain
700 _aU.K. Ministry Of Housing And Local Government
999 _c416611
_d416611